000 00596nam a2200241 a 4500
001 nice12345678
003 IN_TiNIC
005 20260116014114.0
008 100315s2010 dela grp 000 0 eng
020 _a9788120834590
_c695
082 0 0 _a294.5921
_bCOE
100 _aCoelho, Ivo
245 _aBrahman and Person
_b Essays By Richard De Smet
260 _aDelhi
_bMotilal Banarsidass
_c2010
300 _a294p
500 _aincludes index and biblioraphy
505 2 _aIndex
650 _aVedanta
700 1 _aCoelho, Ivo
902 _bSRS
942 _cBK
999 _c13901
_d13901